<?xml version="1.0" encoding="UTF-8"?>
<record
    xmlns:xsi="http://www.w3.org/2001/XMLSchema-instance"
    xsi:schemaLocation="http://www.loc.gov/MARC21/slim http://www.loc.gov/standards/marcxml/schema/MARC21slim.xsd"
    xmlns="http://www.loc.gov/MARC21/slim">

  <leader>02553cam a2200349 a 4500</leader>
  <datafield tag="952" ind1=" " ind2=" ">
    <subfield code="0">0</subfield>
    <subfield code="1">0</subfield>
    <subfield code="4">0</subfield>
    <subfield code="7">0</subfield>
    <subfield code="8">NFIC</subfield>
    <subfield code="a">CCL</subfield>
    <subfield code="b">CCL</subfield>
    <subfield code="c">GEN</subfield>
    <subfield code="d">2020-11-18</subfield>
    <subfield code="l">0</subfield>
    <subfield code="o">JZ1308 VER 2010</subfield>
    <subfield code="p">000117</subfield>
    <subfield code="r">2020-11-18 00:00:00</subfield>
    <subfield code="t">c.1</subfield>
    <subfield code="w">2020-11-18</subfield>
    <subfield code="y">BK</subfield>
  </datafield>
  <datafield tag="999" ind1=" " ind2=" ">
    <subfield code="c">3129</subfield>
    <subfield code="d">3129</subfield>
  </datafield>
  <controlfield tag="001">16032449</controlfield>
  <controlfield tag="003">GZU</controlfield>
  <controlfield tag="005">20201118095139.0</controlfield>
  <controlfield tag="008">091222s2010    nyu      b    001 0 eng  </controlfield>
  <datafield tag="010" ind1=" " ind2=" ">
    <subfield code="a">  2009053754</subfield>
  </datafield>
  <datafield tag="020" ind1=" " ind2=" ">
    <subfield code="a">9780521761871 (hardback)</subfield>
  </datafield>
  <datafield tag="020" ind1=" " ind2=" ">
    <subfield code="a">9780521744379 (pbk.)</subfield>
  </datafield>
  <datafield tag="035" ind1=" " ind2=" ">
    <subfield code="a">(OCoLC)ocn496727646</subfield>
  </datafield>
  <datafield tag="040" ind1=" " ind2=" ">
    <subfield code="a">DLC</subfield>
    <subfield code="c">DLC</subfield>
    <subfield code="d">YDX</subfield>
    <subfield code="d">BWK</subfield>
    <subfield code="d">CDX</subfield>
    <subfield code="d">YDXCP</subfield>
    <subfield code="d">BWX</subfield>
    <subfield code="d">UBY</subfield>
    <subfield code="d">OKU</subfield>
    <subfield code="d">DLC</subfield>
  </datafield>
  <datafield tag="050" ind1="0" ind2="0">
    <subfield code="a">JZ1308</subfield>
    <subfield code="b">.V47 2010</subfield>
  </datafield>
  <datafield tag="082" ind1="0" ind2="0">
    <subfield code="a">306.2</subfield>
    <subfield code="2">22</subfield>
  </datafield>
  <datafield tag="100" ind1="1" ind2=" ">
    <subfield code="a">Vernon, Richard,</subfield>
    <subfield code="d">1945-</subfield>
  </datafield>
  <datafield tag="245" ind1="1" ind2="0">
    <subfield code="a">Cosmopolitan regard :</subfield>
    <subfield code="b">political membership and global justice /</subfield>
    <subfield code="c">Richard Vernon.</subfield>
  </datafield>
  <datafield tag="260" ind1=" " ind2=" ">
    <subfield code="a">New York :</subfield>
    <subfield code="b">Cambridge University Press,</subfield>
    <subfield code="c">2010.</subfield>
  </datafield>
  <datafield tag="300" ind1=" " ind2=" ">
    <subfield code="a">ix, 222 p. ;</subfield>
    <subfield code="c">23 cm.</subfield>
  </datafield>
  <datafield tag="490" ind1="1" ind2=" ">
    <subfield code="a">Contemporary political theory</subfield>
  </datafield>
  <datafield tag="504" ind1=" " ind2=" ">
    <subfield code="a">Includes bibliographical references and index.</subfield>
  </datafield>
  <datafield tag="505" ind1="0" ind2=" ">
    <subfield code="a">Against associative obligations -- Particularizing obligation : the normative role of risk -- The social waiver -- Compatriot preference and the iteration proviso -- Humanitarian intervention and the case for natural duty -- Associative risk and international crime -- A global harm principle? -- Citizens in the world.</subfield>
  </datafield>
  <datafield tag="520" ind1=" " ind2=" ">
    <subfield code="a">"Cosmopolitan theory suggests that we should shift our moral attention from the local to the global. Richard Vernon argues, however, that if we adopt cosmopolitan beliefs about justice we must re-examine our beliefs about political obligation. Far from undermining the demands of citizenship, cosmopolitanism implies more demanding political obligations than theories of the state have traditionally recognized. Using examples including humanitarian intervention, international criminal law, and international political economy, Vernon suggests we have a responsibility not to enhance risks facing other societies and to assist them when their own risk-taking has failed. The central arguments in Cosmopolitan Regard are that what we owe to other societies rests on the same basis as what we owe to our own, and that a theory of cosmopolitanism must connect the responsibilities of citizens beyond their own borders with their obligations to one another"--Provided by publisher.</subfield>
  </datafield>
  <datafield tag="650" ind1=" " ind2="0">
    <subfield code="a">Cosmopolitanism.</subfield>
  </datafield>
  <datafield tag="650" ind1=" " ind2="0">
    <subfield code="a">Political obligation.</subfield>
  </datafield>
  <datafield tag="830" ind1=" " ind2="0">
    <subfield code="a">Contemporary political theory.</subfield>
  </datafield>
  <datafield tag="856" ind1="4" ind2="2">
    <subfield code="3">Cover image</subfield>
    <subfield code="u">http://assets.cambridge.org/97805217/61871/cover/9780521761871.jpg</subfield>
  </datafield>
  <datafield tag="906" ind1=" " ind2=" ">
    <subfield code="a">7</subfield>
    <subfield code="b">cbc</subfield>
    <subfield code="c">orignew</subfield>
    <subfield code="d">1</subfield>
    <subfield code="e">ecip</subfield>
    <subfield code="f">20</subfield>
    <subfield code="g">y-gencatlg</subfield>
  </datafield>
  <datafield tag="942" ind1=" " ind2=" ">
    <subfield code="2">lcc</subfield>
    <subfield code="c">BK</subfield>
    <subfield code="h">1308</subfield>
    <subfield code="i">VER</subfield>
    <subfield code="k">JZ</subfield>
    <subfield code="m">2010</subfield>
  </datafield>
</record>
